00368 a2200133 4500040001300000082000900013100002200022245003100044250001100075260004900086300003300135500005000168650001600218 aDLCbDLC a 301 aMacionis, John J. aSociologycJohn J.Macionis a2nd ed aIslamabad:bNational Book Foundation,c1989. axxi, 671 p.b: illc; 27 cm. aIncludes bibliographical references and index a Sociology.